000 01859pam a2200481 c 4500
999 _c80635
_d80635
001 984719067
003 DE-101
005 20210202153849.0
007 tu
008 070622s2007 gw ||||| |||| 00||||ger
015 _a07,A45,0409
_z07,N29,0449
_2dnb
016 7 _2DE-101
_a984719067
020 _a9783932329562
_cPp. : EUR 12.90
020 _a3932329562
_cPp. : EUR 12.90
024 3 _a9783932329562
035 _a(DE-599)DNB984719067
035 _a(OCoLC)184990296
040 _a1145
_bger
_cDE-101
_dSTAFF
041 _ager
044 _cXA-DE-NW
082 0 4 _81\u
_a324.2430092
_qDE-101
_222/ger
083 7 _a320
_qDE-101
_222sdnb
085 _81\u
_b324.2
085 _81\u
_z1
_s092
085 _81\u
_z2
_s43
090 _ab
245 0 0 _aRad schlagen ohne Pfau zu sein
_bEurogalla, Ehrenmitglied des Europaparlaments ; [Bildbiographie]
_c[Hrsg.: Dieter Rogalla]
264 1 _aBochum
_bEurop. Univ.-Verl.
_c2007
300 _a121 S.
_bzahlr. Ill., Kt.
_c22 cm
336 _aText
_btxt
_2rdacontent
336 _aunbewegtes Bild
_bsti
_2rdacontent
337 _aohne Hilfsmittel zu benutzen
_bn
_2rdamedia
338 _aBand
_bnc
_2rdacarrier
490 1 _aZeitzeugen - Zeitdokumente
_vBd. 17
600 1 7 _0(DE-588)109053540
_0https://d-nb.info/gnd/109053540
_0(DE-101)109053540
_aRogalla, Dieter
_d1927-2013
_2gnd
653 _a(VLB-PF)BA: Buch
700 1 _0(DE-588)109053540
_0https://d-nb.info/gnd/109053540
_0(DE-101)109053540
_aRogalla, Dieter
_d1927-2013
_eMitwirkender
_4ctb
830 0 _aZeitzeugen - Zeitdokumente
_vBd. 17
_w(DE-101)024435414
_w(DE-600)2105111-2
_9217
_7as
856 4 2 _mV:DE-604
_qapplication/pdf
_uhttps://d-nb.info/984719067/04
_3Inhaltsverzeichnis
856 4 2 _mX:MVB
_qtext/html
_uhttp://deposit.dnb.de/cgi-bin/dokserv?id=2977443&prov=M&dok_var=1&dok_ext=htm
_3Inhaltstext
942 _2z
_cB